The Groo festival / (Запис № 503642)

МАРК-запис
000 -LEADER
fixed length control field 01430cam a2200325M 4500
001 - CONTROL NUMBER
control field groofestival00arag
003 - CONTROL NUMBER IDENTIFIER
control field CaSfIA
005 - DATE AND TIME OF LATEST TRANSACTION
control field 20210118091225.0
007 - PHYSICAL DESCRIPTION FIXED FIELD--GENERAL INFORMATION
fixed length control field cr||||
008 - FIXED-LENGTH DATA ELEMENTS--GENERAL INFORMATION
fixed length control field 091215s1993 nyu 000 u eng d
040 ## - CATALOGING SOURCE
Original cataloging agency DKDLA
Language of cataloging dan
Transcribing agency DKDLA
Modifying agency CaSfIA
020 ## - INTERNATIONAL STANDARD BOOK NUMBER
International Standard Book Number 0871359952
020 ## - INTERNATIONAL STANDARD BOOK NUMBER
International Standard Book Number 9780871359957
035 ## - SYSTEM CONTROL NUMBER
System control number (OCoLC)488940769
084 ## - OTHER CLASSIFICATION NUMBER
Classification number 83.8
Source of number z
029 0# - (OCLC)
OCLC library identifier DKDLA
System control number 37354918
100 1# - MAIN ENTRY--PERSONAL NAME
Personal name Aragonés, Sergio.
245 14 - TITLE STATEMENT
Title The Groo festival /
Medium [electronic resource]
Statement of responsibility, etc writer/artist: Sergio Aragonés ; traductor, aide, adjudant, traditionist: Mark Evanier ; letterer: Stan Sakai.
250 ## - EDITION STATEMENT
Edition statement 1. printing.
260 ## - PUBLICATION, DISTRIBUTION, ETC. (IMPRINT)
Place of publication, distribution, etc New York :
Name of publisher, distributor, etc Epic,
Date of publication, distribution, etc 1993.
300 ## - PHYSICAL DESCRIPTION
Extent Ca. 90 sider :
Other physical details alle ill. i farver.
500 ## - GENERAL NOTE
General note Tegneserie.
534 ## - ORIGINAL VERSION NOTE
Introductory phrase Tidligere udgivet i enkelthæfter: Groo the wanderer, nr. 21-24.
506 ## - RESTRICTIONS ON ACCESS NOTE
Standardized terminology for access restriction Необхідна авторизація на https://archive.org/ (створення облікового запису безкоштовно)
506 ## - RESTRICTIONS ON ACCESS NOTE
Standardized terminology for access restriction Необхідна авторизація на https://openlibrary.org/ (створення облікового запису безкоштовно)
700 1# - ADDED ENTRY--PERSONAL NAME
Personal name Evanier, Mark.
856 41 - ELECTRONIC LOCATION AND ACCESS
Uniform Resource Identifier <a href="http://www.archive.org/details/groofestival00arag">http://www.archive.org/details/groofestival00arag</a>
Public note Free eBook from the Internet Archive
856 42 - ELECTRONIC LOCATION AND ACCESS
Uniform Resource Identifier <a href="http://www.openlibrary.org/books/OL24450147M">http://www.openlibrary.org/books/OL24450147M</a>
Public note Additional information and access via Open Library
942 ## - ADDED ENTRY ELEMENTS (KOHA)
Koha item type ЕКнига

Немає доступних примірників.